| 000 | 00951nam a2200289 i 4500 | ||
|---|---|---|---|
| 003 | EG-GICUC | ||
| 005 | 20260426144057.0 | ||
| 008 | 1964 b it ||||| |||| 00| 0 ita d | ||
| 040 |
_aEG-GiCUC _bita _cEG-GiCUC _dEG-GiCUC _erda |
||
| 082 | 0 | 4 |
_221 _a343.5 _bSA . R |
| 092 | 0 | 4 | _221 |
| 099 | _aLaw1 10 343.5 SA . R 1964 | ||
| 100 | 1 |
_aMaamoun Salama. _eAuthor. |
|
| 245 | 1 | 3 |
_aIl reato commissivo mediante omissione / _c Maamoun Salama ; assistente di diritto penale all'Università del Cairo. |
| 264 |
_aRoma : _bJandi Sapi Editor , _c1964. |
||
| 300 |
_a pages :165 _billustrations,Bibliography. _c24 cm |
||
| 336 |
_2rda content _atext |
||
| 337 |
_2rda media _aComputer |
||
| 338 |
_2rda carrier _aOnline Resource |
||
| 504 | _aBibliography | ||
| 546 | _a Text in Italian | ||
| 650 | 1 |
_aCriminal law _2qrmak |
|
| 651 | 1 | _2qrmak | |
| 856 | 4 | 0 | _uhttps://fll.law.cu.edu.eg/fulltext/bks/B10-11214.pdf |
| 905 | _a157 | ||
| 942 |
_2ddc _cBK _e21 _n0 |
||
| 999 |
_c73489 _d73489 |
||